• 首页
  • 本馆介绍
  • 公告通知
  • 最新文献
  • 馆藏检索
  • 电子资源
  • 读者导购
  • 参考咨询
  • 我的图书馆
  • 登录
  • 详细信息显示
  • 放入我的书架
  • 预约/预借图书
  • 作者相关作品
  • 分类相关作品
  • 丛书相关作品
  • 出版社相关作品

书目信息

  • 表格格式
  • 工作单格式
  • 卡片格式
题名:
中学图书馆工作
    
 
作者: 卢子博 , 张廷儒 , 葛家瑾 , 朱家桢 著
分册:  
出版信息: 北京   书目文献出版社  1987
页数: 177页
开本: 19cm
丛书名:
单 册:
中图分类: G258.69
科图分类:
主题词: 图书馆工作-学校图书馆 , 学校图书馆-图书馆工作
电子资源:
ISBN:
000 00800nam0 2200289 45
001 0187002197
005 20040424161924.6
010    @dCNY1.10
091    @a7201.148
100    @a19900808d1987 em y0chiy0121 ea
101 0  @achi
102    @aCN@b110000
105    @ay z 000yy
106    @ar
200 10 @a中学图书馆工作@Azhong xue tu shu guan gong zuo@f卢子博等著
210    @a北京@c书目文献出版社@d1987
215    @a177页@d19cm
606    @a图书馆工作-学校图书馆
606    @a学校图书馆-图书馆工作
690    @aG258.69@v3
701  0 @a卢子博@Alu zi bo@4著
701  0 @a张廷儒@Azhang ting ru@4著
701  0 @a葛家瑾@Age jia jin@4著
701  0 @a朱家桢@Azhu jia zhen@4著
801  0 @aCN@b深圳图书馆@c20040424
801  2 @aCN@bNLC@c20040424
905    @f2@b168453-454@dG258.69@e8
    
    中学图书馆工作/卢子博等著.-北京:书目文献出版社,1987
    177页;19cm
    
    
    ISBN :CNY1.10
    
●
相关链接 在E读中查询图书 在五车中查询图书 在当当中查询图书 在豆瓣中查询图书


正题名:中学图书馆工作     索取号:G258.69/8         预约/预借

序号 登录号 条形码 馆藏地/架位号 状态 备注
1 0168453   000215699   密集书库/ [索取号:G258.69/8] 在馆    
2 0168454   000215779   密集书库/ [索取号:G258.69/8] 在馆    
3 0168455   000215733   第一样本阅览室/ [索取号:G258.69/8] 在馆    
唐山师范学院图书馆 欢迎您!
大连网信软件有限公司© 版权所有